000 00508nam a22001577a 4500
003 OSt
008 260424b |||||||| |||| 00| 0 eng d
082 _a634.44
_bV67E
100 _aVidyarthi, Kapilmuni
245 _aEffect of Calcium, Potassium and Growth Substances on Fruit Development and Quality Characters of Fruits in Mango (Mangifera Indica L.) CV. Amrapali
260 _aPusa, Samastipur
_bRAU
_c1996
300 _a105P.
502 _bMsc.
_d1996
650 _aFruit and Fruit Tech
942 _2ddc
_cT
999 _c50169
_d50169